000 00784nam a2200217Ii 4500
003 JO-AjNU
008 230605s9999||||xx |||||||||||||| ||und||
017 _a2003/10/2161
040 _aJO-AjNU
_bara
_erda
_cJO-AjNU
041 _aara
050 1 4 _aKMM260.8.B3696.2003
100 3 _a يونس ، بني يونس ,
_eauthor
_931308
245 0 0 _aالمركز القانوني للأجانب في المملكة الأردنية الهاشمية
250 _aط1
264 3 1 _aعمان : يونس بني يونس ، 2003
300 _a387ص
336 _atext
_btxt
_2rdacontent
337 _aunmediated
_bn
_2rdamedia
338 _avolume
_bnc
_2rdacarrier
650 4 _aالأجانب -- القانون الإداري -- العمال المهاجرون -- الأردن
_931309
999 _aA12510
_c16078
_d16078